000 01205nam a2200265Ia 4500
003 OSt
005 20220923211107.0
006 a|||||r|||| 00| 0
007 ta
008 220922b |||||||| |||| 00| 0 hin d
020 _a817975166X (hbk)
_c500
024 _a275,539
037 _b214, 23/09/2013, Swaraj Prakashan
_cTextual
040 _aARTS
_cARTS
_bhin
041 _2hin
_ahin
082 _aO152,1:gN, P8
100 _aखत्री, अयोध्या प्रसाद; नंदा, वीरेन, संपा.
_9158144
245 0 _aखड़ी बोली का पद्य
_b आधुनिक हिन्दी कविता की पहली किताब
246 _aKhaड़ī bolī kā padya: ādhunik hindī kavitā kī pahalī kitāba
260 _aनई दिल्ली
_b अनामिका पब्लिशर्स
_c2008
300 _a174पृ.
_ccm.
650 _aहिन्दी साहित्य
_9156264
942 _hO152,1:gN, P8
_cTEXL
_2CC
999 _c295139
_d295139